Logos des logiciels informatiques - Statistiques

Statistiques générales
  • Ce quiz a été pris 1 400 fois
  • Le résultat moyen est 9 sur 12
Statistiques - réponses
Par images Réponse % Correct
Word
99%
Excel
97%
Skype
97%
PowerPoint
94%
Canva
90%
Photoshop
84%
Teams
84%
Odoo
82%
WinRAR
67%
Access
39%
OneNote
37%
Toweb
4%
Aucun quiz correspondant
Distribution des résultats
% des personnes avec chaque résultat
Percentile par nombre de réponses
Votre historique - résultats
Vous n’avez pas pris ce quiz